<?xml version="1.0" encoding="UTF-8"?>
<record
    xmlns:xsi="http://www.w3.org/2001/XMLSchema-instance"
    xsi:schemaLocation="http://www.loc.gov/MARC21/slim http://www.loc.gov/standards/marcxml/schema/MARC21slim.xsd"
    xmlns="http://www.loc.gov/MARC21/slim">

  <leader>01472nam0a22003251  4500</leader>
  <controlfield tag="001">rc\2285062</controlfield>
  <controlfield tag="005">20250623043127.0</controlfield>
  <datafield tag="035" ind1=" " ind2=" ">
    <subfield code="a">(NLR Aleph) 006563923</subfield>
  </datafield>
  <datafield tag="090" ind1=" " ind2=" ">
    <subfield code="a">6873231</subfield>
    <subfield code="c">6873231</subfield>
  </datafield>
  <datafield tag="100" ind1=" " ind2=" ">
    <subfield code="a">20110829d1976    |||y0rusy50      ca</subfield>
  </datafield>
  <datafield tag="101" ind1="0" ind2=" ">
    <subfield code="a">rus</subfield>
  </datafield>
  <datafield tag="102" ind1=" " ind2=" ">
    <subfield code="a">RU</subfield>
  </datafield>
  <datafield tag="105" ind1=" " ind2=" ">
    <subfield code="a">a   z   |||||</subfield>
  </datafield>
  <datafield tag="200" ind1="1" ind2=" ">
    <subfield code="a">&#x41F;&#x440;&#x43E;&#x431;&#x43E;&#x43E;&#x442;&#x431;&#x43E;&#x440;&#x43D;&#x438;&#x43A;&#x438; &#x434;&#x43B;&#x44F; &#x43E;&#x442;&#x431;&#x43E;&#x440;&#x430; &#x433;&#x430;&#x437;&#x430; &#x438; &#x43A;&#x43E;&#x43D;&#x434;&#x435;&#x43D;&#x441;&#x430;&#x442;&#x430; &#x438;&#x437; &#x434;&#x432;&#x443;&#x445;&#x444;&#x430;&#x437;&#x43D;&#x43E;&#x433;&#x43E; &#x43F;&#x43E;&#x442;&#x43E;&#x43A;&#x430;</subfield>
    <subfield code="f">&#x413;.&#x418;. &#x417;&#x430;&#x434;&#x43E;&#x440;&#x430;</subfield>
    <subfield code="g">&#x412;&#x441;&#x435;&#x441;&#x43E;&#x44E;&#x437;. &#x43D;&#x430;&#x443;&#x447;.-&#x438;&#x441;&#x441;&#x43B;&#x435;&#x434;. &#x438;&#x43D;-&#x442; &#x44D;&#x43A;&#x43E;&#x43D;&#x43E;&#x43C;&#x438;&#x43A;&#x438;, &#x43E;&#x440;&#x433;&#x430;&#x43D;&#x438;&#x437;&#x430;&#x446;&#x438;&#x438; &#x43F;&#x440;&#x43E;&#x438;&#x437;&#x432;&#x43E;&#x434;&#x441;&#x442;&#x432;&#x430; &#x438; &#x442;&#x435;&#x445;&#x43D;.-&#x44D;&#x43A;&#x43E;&#x43D;. &#x438;&#x43D;&#x444;&#x43E;&#x440;&#x43C;&#x430;&#x446;&#x438;&#x438; &#x432; &#x433;&#x430;&#x437;&#x43E;&#x432;&#x43E;&#x439; &#x43F;&#x440;&#x43E;&#x43C;-&#x441;&#x442;&#x438;</subfield>
  </datafield>
  <datafield tag="210" ind1=" " ind2=" ">
    <subfield code="a">&#x41C;&#x43E;&#x441;&#x43A;&#x432;&#x430;</subfield>
    <subfield code="c">&#x412;&#x41D;&#x418;&#x418;&#x42D;&#x433;&#x430;&#x437;&#x43F;&#x440;&#x43E;&#x43C;</subfield>
    <subfield code="d">1976</subfield>
  </datafield>
  <datafield tag="215" ind1=" " ind2=" ">
    <subfield code="a">43 &#x441;.</subfield>
    <subfield code="c">&#x441;&#x445;&#x435;&#x43C;.</subfield>
    <subfield code="d">20</subfield>
  </datafield>
  <datafield tag="225" ind1="1" ind2=" ">
    <subfield code="a">&#x41D;&#x430;&#x443;&#x447;&#x43D;&#x43E;-&#x442;&#x435;&#x445;&#x43D;&#x438;&#x447;&#x435;&#x441;&#x43A;&#x438;&#x439; &#x43E;&#x431;&#x437;&#x43E;&#x440;</subfield>
    <subfield code="i">&#x421;&#x435;&#x440;&#x438;&#x44F; "&#x420;&#x430;&#x437;&#x440;&#x430;&#x431;&#x43E;&#x442;&#x43A;&#x430; &#x438; &#x44D;&#x43A;&#x441;&#x43F;&#x43B;&#x443;&#x430;&#x442;&#x430;&#x446;&#x438;&#x44F; &#x433;&#x430;&#x437;&#x43E;&#x432;&#x44B;&#x445; &#x438; &#x433;&#x430;&#x437;&#x43E;&#x43A;&#x43E;&#x43D;&#x434;&#x435;&#x43D;&#x441;&#x430;&#x442;&#x43D;&#x44B;&#x445; &#x43C;&#x435;&#x441;&#x442;&#x43E;&#x440;&#x43E;&#x436;&#x434;&#x435;&#x43D;&#x438;&#x439;"</subfield>
  </datafield>
  <datafield tag="300" ind1=" " ind2=" ">
    <subfield code="a">&#x41D;&#x430; &#x43E;&#x431;&#x43B;. &#x430;&#x432;&#x442;. &#x43D;&#x435; &#x443;&#x43A;&#x430;&#x437;&#x430;&#x43D;</subfield>
  </datafield>
  <datafield tag="320" ind1=" " ind2=" ">
    <subfield code="a">&#x421;&#x43F;&#x438;&#x441;&#x43E;&#x43A; &#x43B;&#x438;&#x442;.: &#x441;. 37-43 (121 &#x43D;&#x430;&#x437;&#x432;.)</subfield>
  </datafield>
  <datafield tag="606" ind1=" " ind2=" ">
    <subfield code="a">&#x41F;&#x440;&#x43E;&#x431;&#x43E;&#x43E;&#x442;&#x431;&#x43E;&#x440;&#x43D;&#x438;&#x43A;&#x438; &#x434;&#x43B;&#x44F; &#x433;&#x430;&#x437;&#x43E;&#x432;</subfield>
    <subfield code="2">psbo</subfield>
  </datafield>
  <datafield tag="686" ind1=" " ind2=" ">
    <subfield code="a">&#x418;362-7</subfield>
    <subfield code="2">rubbk</subfield>
  </datafield>
  <datafield tag="686" ind1=" " ind2=" ">
    <subfield code="a">&#x41E;76-082.02-7</subfield>
    <subfield code="2">rubbk</subfield>
  </datafield>
  <datafield tag="700" ind1=" " ind2="1">
    <subfield code="a">&#x417;&#x430;&#x434;&#x43E;&#x440;&#x430;</subfield>
    <subfield code="b">&#x413;.&#x418;.</subfield>
    <subfield code="g">&#x413;&#x435;&#x43D;&#x43D;&#x430;&#x434;&#x438;&#x439; &#x418;&#x432;&#x430;&#x43D;&#x43E;&#x432;&#x438;&#x447;</subfield>
  </datafield>
  <datafield tag="801" ind1=" " ind2="0">
    <subfield code="a">RU</subfield>
    <subfield code="b">NLR</subfield>
    <subfield code="g">psbo</subfield>
  </datafield>
  <datafield tag="801" ind1=" " ind2="1">
    <subfield code="a">RU</subfield>
    <subfield code="b">ELAR</subfield>
    <subfield code="2">rusmarc</subfield>
  </datafield>
  <datafield tag="852" ind1=" " ind2=" ">
    <subfield code="a">NLR</subfield>
    <subfield code="j">76-4/21036</subfield>
  </datafield>
  <datafield tag="899" ind1=" " ind2=" ">
    <subfield code="a">RuMoRGB</subfield>
    <subfield code="j">&#x411; 76-54/730</subfield>
  </datafield>
  <datafield tag="899" ind1=" " ind2=" ">
    <subfield code="a">RuMoRGB</subfield>
    <subfield code="j">&#x411; 76-54/731</subfield>
  </datafield>
  <datafield tag="942" ind1=" " ind2=" ">
    <subfield code="c">BOOK</subfield>
  </datafield>
  <datafield tag="980" ind1=" " ind2=" ">
    <subfield code="a">NB</subfield>
  </datafield>
  <datafield tag="995" ind1=" " ind2=" ">
    <subfield code="5">2013-10-26</subfield>
    <subfield code="b">NLR01</subfield>
    <subfield code="c">NLR01</subfield>
    <subfield code="e">RF91</subfield>
    <subfield code="f">6563923-20</subfield>
    <subfield code="k">76-4/21036</subfield>
    <subfield code="o">0</subfield>
    <subfield code="r">BOOK</subfield>
    <subfield code="s">76421036_</subfield>
  </datafield>
</record>
